000 00577nam a22001697a 4500
003 OSt
005 20260513114043.0
008 260508b |||||||| |||| 00| 0 eng d
040 _cChuka University.
050 _aPZ 23
_b.N45 2013
100 _aNelly Elsie.
_924052
245 _aCapitaine Chance et les Noix de Coco.
260 _aAustralia.
_bBeauchemin Cheneliere Education.
_c2013.
300 _a16p.
_bColoured Illustrations.
650 _a1)Coconuts...Juvenile Fiction;2)Children Stories,French;3)Adventure and Adventurs...Juvenile Fiction.
_924053
942 _2lcc
_cFRE
_n0
999 _c21875
_d21875